000 00339nam a2200121Ia 4500
008 230907s9999||||xx |||||||||||||| ||und||
082 _a697.7
_bBAN
100 _aBanks, David,
_9115628
245 3 _aAn introduction to thermogeology :
260 _aJohn Wiley & Sons, Ltd.,
_bHoboken, NJ :
_c2012
300 _axviii, 526 p. :
942 _cBK
999 _c598998
_d598998